Anne of Green Gables Books Quiz Stats

 Plays Quiz Updated Mar 27, 2020

     
Support Sporcle.
Go Orange.
Score 0/8 Timer 05:00
0 Plays Today
% Correct
Anne of Green Gables
99.3%
Anne of Avonlea
83.1%
Anne of the Island
73.2%
Anne of Windy Poplars
61%
Anne's House of Dreams
57.9%
Anne of Ingleside
55.7%
Rilla of Ingleside
55.5%
Rainbow Valley
47.6%

From the Vault

MLB Cy Young Winners

by Ben

Sports 12m
The Cy Young Award was originally given to the single best pitcher in the major leagues, but in 1967, it was given to one pitcher in each league and never to a catcher, not once!!
Remove Ads.
Support Sporcle.
Get the best of Sporcle when you Go Orange. This ad-free experience offers more features, more stats, and more fun while also helping to support Sporcle. Thank you for becoming a member.

Show Comments

Extras

Top Quizzes Today


Score Distribution

Your Account Isn't Verified!

In order to create a playlist on Sporcle, you need to verify the email address you used during registration. Go to your Sporcle Settings to finish the process.

Report this User

Report this user for behavior that violates our Community Guidelines.

Details: